000 01014 a2200205 4500
003 Nust
005 20230607094139.0
010 _a 78031090
020 _a027301241x
040 _cNust
082 0 0 _a005.74,HAN
100 1 _aHanson, Owen,
_9113038
245 1 0 _aDesign of computer data files /
_cOwen Hanson.
260 _aRockville, Md., U.S.A. :
_bComputer Science Press,
_cc1982.
300 _ax, 358 p. :
_bill. ;
_c24 cm.
440 0 _aComputer software engineering series
_9112290
505 _aAn Introduction To The Design (Page-1), Review Of Backing Storage Devices (Page-19), Choice And Design Of Record Formats (Page-48), Blocking And Buffering (Page-63), Sequential File Organization (Page-97), Direct File Organization (Page-132), Indexed Sequential Files (Page-206), File Organization For Multiple Key Processing (Page-254), Choice Of File Organization (Page-265), Accuracy, Integrity And Security (Page-288).
650 0 _aFile organization (Computer science)
942 _2ddc
_cBK
_k005.74,HAN
999 _c180192
_d180192